عرض عادي
عرض مارك
- Pharmacological Phenomena.
مدخل مصطلح موضوعي
عدد التسجيلات المستخدمة في: 10
001 - رقم الضبط
- حقل الضبط: 11503
003 - معرف رقم الضبط
- حقل الضبط: OSt
005 - تاريخ ووقت أخر عملية
- حقل الضبط: 20120419022730.0
008 - عناصر بيانات ثابتة الطول
- حقل تحكم ثابت الطول: 120419|||a|||||| | ||| d
040 ## - مصدر الفهرسة
- هيئة الفهرسة الأصلية: OSt
- وكالة الكتابة: OSt
150 ## - مدخل-- مصطلح تاريخي
- عنصر مدخل المصطلح الموضوعي او الاسم الجغرافي: Pharmacological Phenomena.
670 ## - بيانات المصدر موجوده
- الاستشهاد بالمصدر: Work cat.: (OSt)0: Holland, Leland Norman, 1957- 11501, Core concepts in pharmacology /, c2011.
